| 000 | 00970nam a2200301 4500 | ||
|---|---|---|---|
| 001 | 191826 | ||
| 003 | DO-SdBNP | ||
| 005 | 20241014133253.0 | ||
| 007 | 191826 | ||
| 008 | 870818s1986 sp a spa | ||
| 020 | _a8476347596 | ||
| 040 |
_aBPMSU _bspa _cBPMSU |
||
| 082 | 4 |
_a843.8 _bV531J 1986 _222 |
|
| 100 | 1 |
_aVerne, Julio, _d1828-1905 |
|
| 245 | 1 | 0 |
_aJulio Verne : _b Los hijos del capitán Grant en el océano Pacífico/ _cJulio Verne ; traducción, D.A. Ribot y Fontseré |
| 260 |
_aBarcelona : _bEdiciones Orbis, _c1986 |
||
| 300 |
_a222 p. : _bil. ; _c20 cm. |
||
| 490 | 0 |
_aJulio Verne, _v15 |
|
| 500 | _a | ||
| 534 |
_pTítulo original : _tLes enfants du capitaine Grant. Océan Pacifique. |
||
| 590 | _aInventariado, 2024/VM | ||
| 650 | 4 | _aNovela junvenil francesa | |
| 650 | 4 | _aLiteratura juvenil francesa | |
| 700 | 1 |
_aRibot y Fontseré, Antonio _4traductor |
|
| 910 | _aVMateo V. Control de calidad BPMSU | ||
| 942 |
_2ddc _cBK |
||
| 956 | _a | ||
| 999 |
_c8673 _d8673 |
||